| 000 | 02790nam0a2200385 4500 | ||
|---|---|---|---|
| 001 | RU\NLR\BIBL_A\012934382 | ||
| 005 | 20230328165726.0 | ||
| 010 |
_a978-5-907338-79-1 _94000 |
||
| 021 |
_aRU _bКН-П-22-065812 _9КН-П-22-5709 |
||
| 035 | _a(NLR Aleph) 012934382 | ||
| 035 | _a(RuMoRGB)011237021 | ||
| 090 |
_a12685099 _c12685099 |
||
| 100 | _a20221109d2022 u y0rusy50 ca | ||
| 101 | 0 | _arus | |
| 102 | _aRU | ||
| 105 | _aa z 000ay | ||
| 181 | 0 |
_ai _baxxe |
|
| 182 | 0 | _an | |
| 200 | 1 |
_aВкус манго _e[роман] _fМариату Камара при участии Сьюзен Макклелланд _gперевела с английского: Ирина Бадьярова |
|
| 203 |
_aТекст _bвизуальный _cнепосредственный |
||
| 210 |
_aСанкт-Петербург _cАркадия _d2022 |
||
| 215 |
_a285, [2] с. _cил. _d21 |
||
| 225 | 1 |
_aРоза ветров _iИсповедь |
|
| 300 | _aНа корешке авт.: Мариату Камара, Сьюзен Макклелланд | ||
| 330 | _aМариату счастливо жила в кругу семьи, друзей и подружек в маленькой деревушке в Западной Африке. Но потом в Сьерра-Леоне пришла гражданская война. Вооруженные до зубов отряды мятежников нападали на мирные поселения, устраивая бессмысленный террор. Во время одного из таких налетов двенадцатилетней девочке отрубили кисти обеих рук, - и сделали это юные бойцы не старше ее самой, одурманенные вседозволенностью и лживыми посулами продажных лидеров. Убегая от повстанцев через лес, в полубреду от боли, Мариату истекала кровью. Но сладкий вкус манго - первой еды после нападения, которой угостил девочку случайный встречный, - возродил в ней желание выжить | ||
| 333 | _aДля лиц старше 16 лет; 16+ | ||
| 606 | 1 |
_aГражданская война _yСьерра Леоне _z1990-ые гг. _jВоспоминания, записки и т.п _2nlr_sh1 _2nlr_sh2 _3RU\NLR\AUTH\661348757 |
|
| 675 |
_a821.111(71)-31 _v4 |
||
| 686 | 2 | _aШ6(6Сье)07-4 [Лх2423] | |
| 700 | 1 |
_aКамара _bМ. _gМариату |
|
| 942 | _cBOOK | ||
| 980 | _aNB | ||